| 000 | 00455pab a2200157 454500 | ||
|---|---|---|---|
| 008 | 180718b2006 xxu||||| |||| 00| 0 eng d | ||
| 100 | _aBraga, Marcelo J. et al. | ||
| 245 | _aInvestigating the solvency of Brazilian credit unions using a proportional hazard model | ||
| 260 | _c2006 | ||
| 300 | _ap.83-106. | ||
| 362 | _aMar | ||
| 650 | _aCredit - Brazil | ||
| 650 | _aCredit | ||
| 773 | _aAnnals of Public and Cooperative Economics | ||
| 909 | _a70388 | ||
| 999 |
_c70388 _d70388 |
||